[Event "GER Pfingstopen U12"]
[Site "Playchess.com INT"]
[Date "2020.06.02"]
[Round "4"]
[White "Kovalskyy, Alicia"]
[Black "Freier, Lennart Luis"]
[Result "0-1"]
[WhiteElo "1620"]
[BlackElo "1310"]
[PlyCount "32"]
[EventDate "2020.06.02"]
[EventType "swiss (blitz)"]
[EventRounds "11"]
[EventCountry "GER"]
[SourceTitle "CBM 197 Extra"]
[Source "ChessBase"]
[SourceDate "2020.09.30"]
[SourceVersion "1"]
[SourceVersionDate "2020.09.30"]
[SourceQuality "1"]

1. e4 e5 2. Qf3 Nf6 3. Bc4 Nc6 4. c3 Bc5 5. Qh5 Nxh5 6. g4 Nf6 7. g5 Nxe4 8. d3 Nxf2 9. g6 hxg6 10. Nf3 Nxh1 11. Ng5 Rxh2 12. Bxf7+ Kf8 13. Bd5 Qf6 14. c4 Ng3 15. Bf4 Qxf4 16. Nc3 Qf1# 0-1

[Event "GER-ch U18 sf Berlin Online"]
[Site "Playchess.com INT"]
[Date "2020.05.01"]
[Round "9"]
[White "Freier, Lennart Luis"]
[Black "Zhou, Leyi Charlotte"]
[Result "1-0"]
[WhiteElo "1620"]
[BlackElo "1620"]
[PlyCount "49"]
[EventDate "2020.05.01"]
[EventType "swiss (blitz)"]
[EventRounds "13"]
[EventCountry "GER"]
[SourceTitle "CBM 195 Extra"]
[Source "ChessBase"]
[SourceDate "2020.05.31"]
[SourceVersion "1"]
[SourceVersionDate "2020.05.31"]
[SourceQuality "1"]

1. e4 e5 2. Nf3 Nc6 3. Bc4 Nf6 4. Nc3 Nxe4 5. Nxe4 d5 6. Neg5 dxc4 7. d3 cxd3 8. cxd3 Bb4+ 9. Bd2 Bg4 10. Bxb4 Nxb4 11. 0-0 Nxd3 12. Qe2 Qxg5 13. Qxd3 Bxf3 14. Qxf3 0-0 15. Rae1 Rfe8 16. Qxb7 Reb8 17. Qd5 Re8 18. Re3 Rab8 19. Rg3 Qf4 20. Rf3 Qd4 21. Qxf7+ Kh8 22. Rg3 Rg8 23. Rh3 Qf4 24. Qh5 g6 25. Qxh7# 1-0

[Event "GER-ch U18 sf Berlin Online"]
[Site "Playchess.com INT"]
[Date "2020.05.01"]
[Round "13"]
[White "Stepanjan, Marianne"]
[Black "Freier, Lennart Luis"]
[Result "1-0"]
[WhiteElo "1620"]
[BlackElo "1620"]
[PlyCount "95"]
[EventDate "2020.05.01"]
[EventType "swiss (blitz)"]
[EventRounds "13"]
[EventCountry "GER"]
[SourceTitle "CBM 195 Extra"]
[Source "ChessBase"]
[SourceDate "2020.05.31"]
[SourceVersion "1"]
[SourceVersionDate "2020.05.31"]
[SourceQuality "1"]

1. e4 e5 2. Nf3 Nc6 3. Bb5 Nf6 4. 0-0 Nxe4 5. d4 exd4 6. Re1 Be7 7. Rxe4 0-0 8. Bxc6 bxc6 9. Qxd4 d5 10. Re1 Bf6 11. Qd3 Bd7 12. Nc3 Qc8 13. Bf4 Bf5 14. Qd2 Rb8 15. Rab1 Rb4 16. a3 Rb8 17. Be5 Bxe5 18. Rxe5 Qd7 19. Nh4 Rbe8 20. Rxe8 Rxe8 21. Nxf5 Qxf5 22. Rf1 Re6 23. Ne2 Qg4 24. Ng3 Rg6 25. h3 Qh4 26. Re1 h6 27. Re8+ Kh7 28. Re7 d4 29. Rxc7 d3 30. Qxd3 c5 31. Rxf7 Qg5 32. Rxa7 c4 33. Qxc4 h5 34. Qc3 Qc1+ 35. Kh2 Re6 36. Qd3+ Kh6 37. Nf5+ Kg5 38. Rxg7+ Kf6 39. Qf3 Re1 40. g3 Rg1 41. Rg8 Qxb2 42. Ne3+ Ke7 43. Qf5 Qxa3 44. Qh7+ Kf6 45. Rg6+ Ke5 46. Qxh5+ Ke4 47. Rg4+ Kf3 48. Rf4# 1-0